00460nam a2200157 i 450000100060000000300090000600500170001500700030003200800410003510000200007624500880009626000540018430000220023870000210026085200210028191136ES-MaACL20230906180641.0t|050127s1913 fr ||||1| spa d1 aLeroux, Gaston.13aEl misterio del cuarto amarillo / cGaston Leroux ; traducción de Carlos Docteur. aParís : b[s.n., c1913] (fVda. de Ch. Bouret) a324 p. ; c19 cm.1 aDocteur, Carlos. aES-MaACLjC-2693